000 00471nam a2200181Ia 4500
001 25250
005 20260414151137.0
008 260414t2012||||xx |||||||||||||| ||spa||
041 _aESP
082 _a346.41
_bL13
100 _aLacruz Berdejo, José Luis
_eAUT
245 0 _aNociones de derecho civil patrimonial e introducción al derecho
_b
260 _c2012
300 _a395 páginas :
_c24 cm.
650 _aDER
654 _aCDE
942 _cLIB
_dJUS
_fJUS
_2ddc
_n
999 _c25250
_d25250